| 000 | 00508nam a22001817a 4500 | ||
|---|---|---|---|
| 005 | 20251010120915.0 | ||
| 008 | 251008b |||||||| |||| 00| 0 eng d | ||
| 020 | _a978-1-80-323-291-1 | ||
| 041 | _aeng | ||
| 082 | _a006.33KAP-D | ||
| 100 |
_aKAPOOR , AMITA AND GULLI, ANTONIO & PAL, SUJIT _98715 |
||
| 245 | _aDEEP LEARNING WITH TENSORFLOW AND KERAS | ||
| 250 | _a3RD ED. 2022 | ||
| 260 |
_aU.K _bPACKT PUBLISHING _c2017 |
||
| 300 | _a667;P | ||
| 650 |
_aCOMPUTER SCIENCE TECHNOLOGY _98716 |
||
| 942 | _cBK | ||
| 999 |
_c8889 _d8887 |
||